[Event "Team-Weltmeisterschaft 2005"]
[Site "Israel"]
[Date "2005.11.02"]
[Round "2"]
[White "Grischuk, Alexander"]
[Black "Smirin, Ilia"]
[Result "0-1"]
[WhiteElo "2720"]
[BlackElo "2673"]
[PlyCount "64"]
[EventDate "2005.10.31"]
[WhiteTeam "Russland"]
[BlackTeam "Israel"]

1. d4 Nf6 2. c4 g6 3. Nc3 Bg7 4. e4 d6 5. f3 O-O 6. Nge2 Nbd7 7. Bg5 c5 8. d5
h6 9. Be3 h5 10. Nc1 Nh7 11. Be2 Ne5 12. O-O f5 13. Qd2 fxe4 14. Nxe4 Bf5 15.
Nf2 Qb6 16. a4 Rac8 17. a5 Qd8 18. Na2 e6 19. Nc3 exd5 20. cxd5 Nf6 21. h3 Re8
22. a6 Rb8 23. Nb5 Qe7 24. Bf4 bxa6 25. Rxa6 Nxf3+ 26. Bxf3 Rxb5 27. Bxd6 Qb7
28. Rc6 Rxb2 29. Qf4 Rb1 30. Rxc5 Rxf1+ 31. Kxf1 Qa6+ 32. Kg1 Bh6 0-1

[Event "Team-Weltmeisterschaft 2005"]
[Site "Israel"]
[Date "2005.11.03"]
[Round "3"]
[White "Jobava, Baadur"]
[Black "Dreev, Alexey"]
[Result "1-0"]
[WhiteElo "2601"]
[BlackElo "2694"]
[PlyCount "155"]
[EventDate "2005.10.31"]
[WhiteTeam "Georgien"]
[BlackTeam "Russland"]

1. d4 d5 2. c4 c6 3. Nf3 Nf6 4. Nc3 e6 5. Bg5 Nbd7 6. cxd5 exd5 7. e3 Be7 8.
Qc2 Nh5 9. Bxe7 Qxe7 10. O-O-O Nb6 11. h3 Nf6 12. Bd3 Be6 13. Kb1 O-O-O 14. Ka1
Kb8 15. Rb1 Ne8 16. Nd2 Nd6 17. Nb3 Qf6 18. Nc5 Bf5 19. Bxf5 Qxf5 20. Qe2 h5
21. a4 Nd7 22. b4 Nc4 23. Rhc1 Rhe8 24. Nd3 Rc8 25. Rb3 h4 26. Rcb1 Qg6 27. Nf4
Qf5 28. Rd1 Re7 29. Nd3 Qg6 30. Nf4 Qf5 31. Rbb1 Nf6 32. Nd3 Kc7 33. Nc5 b6 34.
Nd3 a6 35. Ka2 Kd8 36. Kb3 Ke8 37. Nb2 b5 38. Ra1 Kf8 39. axb5 axb5 40. Nd3 Ne4
41. Ra6 Re6 42. Rda1 Kg8 43. R1a2 Rce8 44. Ra7 Nxc3 45. Kxc3 Nd6 46. Rc7 Rg6
47. Qf3 Ne4+ 48. Kb2 Qxf3 49. gxf3 Nxf2 50. Nxf2 Rg2 51. Kc1 Rxe3 52. Kd1 Rxf3
53. Ke1 Rb3 54. Rxc6 Rxb4 55. Rd2 Rb1+ 56. Ke2 Rgg1 57. Rc5 Rbe1+ 58. Kd3 Rg3+
59. Kc2 Rf3 60. Rxd5 Rf1 61. Ne4 f6 62. Rxb5 Re1 63. Rd3 Rc1+ 64. Kxc1 Rxd3 65.
d5 Rxh3 66. d6 Rd3 67. Kc2 Rd4 68. Kc3 Rd1 69. Kc4 h3 70. Rd5 Rc1+ 71. Kb5 Rb1+
72. Kc6 h2 73. Nf2 Rc1+ 74. Rc5 Rd1 75. d7 Kf7 76. Nxd1 h1=Q+ 77. Rd5 Qh4 78.
Rd6 1-0